| 000 | 00555nam a2200217Ia 4500 | ||
|---|---|---|---|
| 008 | 170918s9999 xx 000 0 und d | ||
| 020 | _a9780545273282 | ||
| 050 | _bT365 2011 | ||
| 100 | _aThaler, Mike | ||
| 245 | _aSt. Patrick's day from the black lagoon / | ||
| 245 | _cMike Thaler ; illustrated by Jared Lee. | ||
| 260 | _aNew York : | ||
| 260 | _bScholastic, | ||
| 260 | _c2011 | ||
| 300 | _a61 pages : | ||
| 300 | _bcolored illustration ; | ||
| 300 | _c19cm. | ||
| 440 | _aBlack lagoon adventures ; | ||
| 440 | _v19 | ||
| 500 | _a760 | ||
| 999 |
_c341927 _d341927 |
||